Govt. of
Madhya Pradesh

कथा कहो उर्वशी (Record no. 63826)

MARC details
000 -LEADER
fixed length control field 00343nam a22001097a 4500
082 ## - DEWEY DECIMAL CLASSIFICATION NUMBER
Classification number 891.433/TIW/N
100 ## - MAIN ENTRY--AUTHOR NAME
Personal name टिवाणा दलीप कौर
245 ## - TITLE STATEMENT
Title कथा कहो उर्वशी
260 ## - PUBLICATION, DISTRIBUTION, ETC. (IMPRINT)
Place of publication हैदराबाद
Name of publisher सारांश
Year of publication 2001
650 ## - SUBJECT ADDED ENTRY--TOPICAL TERM
Topical Term उपन्‍यास
942 ## - ADDED ENTRY ELEMENTS (KOHA)
Koha item type Books
Holdings
Withdrawn status Lost status Damaged status Not for loan Home library Current library Date acquired Cost, normal purchase price Full call number Accession Number Price effective from Koha item type
        MACL MACL 28/10/2020 475.00 891.433/TIW/N CRH020406 28/10/2020 Hindi Books